| 000 | 00604nam a2200169 4500 | ||
|---|---|---|---|
| 008 | 020117s1993 nyu 0 engta | ||
| 020 | _a0824512758 | ||
| 090 |
_aBS2575.3 _bG18r |
||
| 100 | 1 | _aGarland, David | |
| 245 | 1 | 0 |
_aReading Matthew : _ba literary and theological commentary on the first gospel / _cDavid Garland. |
| 260 |
_aNew York : _bCrossroad, _cc1993. |
||
| 300 | _axvi, 269 p. | ||
| 490 | 1 | _aReading the New Testament series | |
| 504 | _aIncludes bibliographical references | ||
| 650 | 4 |
_aBible. N.T. Matthew _xCommentaries. |
|
| 951 |
_p21106 _oBS2575.3/G18r _j070613111040015 _d2000-12-21 _cREF |
||
| 999 |
_c5767 _d5767 |
||